000 00713nam a2200205Ii 4500
003 JO-AjNU
008 230605s9999||||xx |||||||||||||| ||und||
040 _aJO-AjNU
_bara
_erda
_cJO-AjNU
041 _aara
050 1 4 _aQ161.2B3712 1995
100 3 _aبار، جورج ؛ ترجمة انور عبد الواحد,
_eauthor
_934803
245 0 0 _aمزيد من البحوث العلمية للعلماء الصغار
250 _aد.ط
264 3 1 _aالقاهرة:دار النهضة العربية ، 1995
300 _a186ص
336 _atext
_btxt
_2rdacontent
337 _aunmediated
_bn
_2rdamedia
338 _avolume
_bnc
_2rdacarrier
650 4 _aالبحوث العلمية-العلماء
_934804
999 _aA14306
_c17874
_d17874